Elements of electricity (Record no. 1366)

000 -LEADER
fixed length control field 00396nam a22001577a 4500
008 - FIXED-LENGTH DATA ELEMENTS--GENERAL INFORMATION
fixed length control field 200123b ||||| |||| 00| 0 eng d
082 00 - DEWEY DECIMAL CLASSIFICATION NUMBER
Classification number 537
Item number H3768
100 ## - MAIN ENTRY--PERSONAL NAME
9 (RLIN) 66
Personal name Hausmann, Erich
245 10 - TITLE STATEMENT
Title Elements of electricity
250 ## - EDITION STATEMENT
Edition statement 1st
260 ## - PUBLICATION, DISTRIBUTION, ETC. (IMPRINT)
Place of publication, distribution, etc Toronto
Name of publisher, distributor, etc D. Van Nostrand Co.
Date of publication, distribution, etc 1943
300 ## - PHYSICAL DESCRIPTION
Extent viii,260p.
365 ## - TRADE PRICE
Unit of pricing 18.00
650 #0 - SUBJECT ADDED ENTRY--TOPICAL TERM
Topical term or geographic name as entry element Electricity
942 ## - ADDED ENTRY ELEMENTS (KOHA)
Item type Books
Holdings
Withdrawn status Lost status Source of classification or shelving scheme Damaged status Not for loan Permanent location Current location Date acquired Source of acquisition Full call number Barcode Date last seen Koha item type
          IMU Kolkata IMU Kolkata 1952-12-29 A. H. Wheeler 537 H3768 01158 2020-01-23 Books
          IMU Kolkata IMU Kolkata 1952-12-29 A. H. Wheeler 537 H3768 01159 2020-01-23 Books
Designed and Maintained by IMU-KC Library, Kolkata Campus © Copyright All Rights Reserved

webs counters

Powered by Koha